000 00884nam a2200265 a 4500
001 67352
003 BD-RjUL
005 20211209081636.0
008 870226s19881987nyuab b 001 0 eng
020 _a0442260415 :
_c$38.95
035 _a(BD-RjUL)67483
040 _aDLC
_cDLC
_dDLC
_dBD-RjUL
_beng
041 _aeng
082 0 0 _223
_a551.762097462
_bLOT 1988
100 1 _aLorenz, J.
_q(John)
_9199553
245 1 0 _aTriassic-Jurassic rift-basin sedimentology :
_bhistory and methods /
_cJohn C. Lorenz.
260 _aNew York :
_bVan Nostrand Reinhold,
_c1987 [reprint 1988]
300 _axvii, 315 p. :
_bill. ;
_c24 cm.
504 _aIncludes Bibliography and index
650 0 _aSedimentary rocks.
_9199554
650 0 _aRifts (Geology)
_9199555
650 0 _aGeology, Stratigraphic
_yTriassic.
_9199556
650 0 _aGeology, Stratigraphic
_yJurassic.
_934673
942 _2ddc
_cBK
999 _c67352
_d67352